00383nam a2200109Ia 4500008004100000082000800041100002400049245008000073942000600153952009900159999001500258240331s9999 xx 000 0 und d bLLR aPunchiheva, S.A. ed 0aKattra Padangalum Nallinakkamum patriya Anaikkuluwin Parinthurailgal (LLRC) cL 001040708LaWERCLbWERCLcSSCd2024-03-31l0o 323.334 LLRp6755r2024-03-31w2024-03-31yL c5797d5797